The new American desk encyclopedia. / (Record no. 7384)
[ view plain ]
| 000 -LEADER | |
|---|---|
| fixed length control field | 00617nam a22001937a 4500 |
| 008 - FIXED-LENGTH DATA ELEMENTS--GENERAL INFORMATION | |
| fixed length control field | 120815t xxu||||| |||| 00| 0 eng d |
| 020 ## - INTERNATIONAL STANDARD BOOK NUMBER | |
| International Standard Book Number | 9780452008717 |
| 020 ## - INTERNATIONAL STANDARD BOOK NUMBER | |
| International Standard Book Number | 0452008719 |
| 050 ## - LIBRARY OF CONGRESS CALL NUMBER | |
| Classification number | AE5.N53 |
| 110 ## - MAIN ENTRY--CORPORATE NAME | |
| Corporate name or jurisdiction name as entry element | New American Library |
| 245 ## - TITLE STATEMENT | |
| Title | The new American desk encyclopedia. / |
| Statement of responsibility, etc. | New American Library |
| 250 ## - EDITION STATEMENT | |
| Edition statement | 3rd ed. |
| 260 ## - PUBLICATION, DISTRIBUTION, ETC. | |
| Place of publication, distribution, etc. | New York: |
| Name of publisher, distributor, etc. | New American Library , |
| Date of publication, distribution, etc. | 1989. |
| 300 ## - PHYSICAL DESCRIPTION | |
| Extent | 1 vol. : |
| Other physical details | ill.; |
| 500 ## - GENERAL NOTE | |
| General note | One-volume paperback encyclopedia for home, school and office; Over 13,000 entries |
| 505 ## - FORMATTED CONTENTS NOTE | |
| Formatted contents note | Contents: |
| 650 ## - SUBJECT ADDED ENTRY--TOPICAL TERM | |
| Topical term following geographic name entry element | Encyclopedias and dictionaries. |
| 942 ## - ADDED ENTRY ELEMENTS (KOHA) | |
| Source of classification or shelving scheme | Library of Congress Classification |
| Koha item type | Books |
| Withdrawn status | Lost status | Source of classification or shelving scheme | Damaged status | Not for loan | Home library | Current library | Shelving location | Date acquired | Source of acquisition | Full call number | Barcode | Date last seen | Price effective from | Koha item type |
|---|---|---|---|---|---|---|---|---|---|---|---|---|---|---|
| Library of Congress Classification | WISCONSIN INTERNATIONAL UNIVERSITY COLLEGE, GHANA KUMASI LIBRARY | WISCONSIN INTERNATIONAL UNIVERSITY COLLEGE, GHANA KUMASI LIBRARY | General Stacks | 21/11/2019 | STM | AE5.N53(3e) | K/2727/2727/19 | 24/06/2020 | 24/06/2020 | Books |
